Building OSF/Motif applications : a practical introduction /
Guardado en:
| Autor Principal: | |
|---|---|
| Formato: | Libro |
| Idioma: | English |
| Publicado: |
Englewood Cliffs, N.J. :
Prentice-Hall,
c1994.
|
| Materias: | |
| Etiquetas: |
Agregar Etiqueta
Sin Etiquetas, Sea el primero en etiquetar este registro!
|
| LEADER | 00834cam a2200241 a 4500 | ||
|---|---|---|---|
| 001 | DCC.dcic000643 | ||
| 008 | 930513s1994####njua#####b####001#0#eng## | ||
| 005 | 20151124142658.0 | ||
| 245 | 1 | 0 | |a Building OSF/Motif applications : |b a practical introduction / |c Mark J. Sebern. |
| 260 | |a Englewood Cliffs, N.J. : |b Prentice-Hall, |c c1994. | ||
| 300 | |a xvii, 717 p. : |b il. ; |c 24 cm. | ||
| 500 | |a "An Alan R. Apt book." | ||
| 504 | |a Incluye referencias bibliográficas (p. 695-697) e índice. | ||
| 020 | |a 0131224093 | ||
| 100 | 1 | |a Sebern, Mark J. | |
| 082 | 0 | 0 | |a 005.4/3 |2 20 |
| 650 | 0 | |a Graphical user interfaces (Computer systems) | |
| 630 | 0 | 0 | |a Motif (Computer file) |
| 010 | |a 93002185 | ||
| 040 | |a DLC |c DLC |d DLC | ||
| 050 | 0 | 0 | |a QA76.9.U83 |b S43 1994 |
| 859 | |a DCIC |b BIB. COMPUTACION |p 0905 |t 1 | ||
| 859 | |a DCIC |b BIB. COMPUTACION |p 0906 |t 2 | ||
